000 00741nam a22002057i 4500
005 20251112101614.0
008 250721s2023 jo gr 000 0 ara d
020 _a9789957837235
082 1 4 _a791.4
_bم ك ت
110 2 _aمكتبة المجتمع العربي
_eمعد.
245 1 0 _aمبادئ السينما و الإذاعه و التلفزيون /
_cإعداد مكتبة المجتمع العربي.
250 _aالطبعة الاولى.
264 1 _aعمان :
_bمكتبة المجتمع العربي للنشر والتوزيع،
_c2023.
300 _a178 صفحة.
650 1 7 _aالسينما.
650 1 7 _aالاذاعة.
650 1 7 _aالتلفاز.
942 _2ddc
_cBK
999 _c147309
_d147309